000 00870nam a2200253Ia 4500
003 OSt
005 20220923220507.0
006 a|||||r|||| 00| 0
007 ta
008 220922b |||||||| |||| 00| 0 hin d
024 _a186,973
037 _cTextual
040 _aARTS
_cARTS
_bhin
041 _2hin
_ahin
082 _aX62:(P111:4), 152M2
100 _aभारत भूषण
245 0 _aबैंकिंग शब्दावली, संपा अमर बहादुर सिंह
246 _aBaiankianga shabdāvalī, sanpā0 amar bahādur sianha
260 _aआगरा
_b केन्द्रीय संस्थान
_c1982
300 _a84 पृ.
_ccm.
650 _aअर्थशास्त्र
942 _hX62:(P111:4), 152M2
_cTEXL
_2CC
999 _c340216
_d340216